00620cam a2200205u 450000100100000000500170001000800410002701000130006804000240008108200190010510000310012424000330015524500760018826000400026430000210030444000120032553400330033765000200037065000240039000000467320200929151459.0840524s1966 fr 000 0 fre  a72326115 aDO-SdBNPcCarPdDLC a843.914bT864f1 aTroyat, Henri,d1911-2007.01aSophie ou la fin des combats10aEl fin de lucha / Henri Troyat ; versión española de Jaime Maestro. aBarcelona :bLuis de Caralt,c1966. a268 p. ;c20 cm. 0aGIGANTE aSophie ou la fin des combats 4aNovela francesa 4aLiteratura francesa